000 00805nmc a2200313 a 4500
003 AR-BaBNM
005 20251128211430.0
008 144020s1999 ||||||||||||||000 | spa||
020 _a0-582-40166-6
040 _cAR-BaBNM
100 1 _aSewell, Anna
245 1 0 _aBlack beauty
250 _a1st ed.
260 _aEssex
_bPearson Education Limited
_c1999
300 0 _a47 p.
_bil.
490 0 _aPenguin readers. Level 3
_vv. 2
650 4 _aLITERATURA INGLESA
650 4 _aINGLES
650 4 _aCUENTOS DE AVENTURAS
650 4 _aACTIVIDADES DE APRENDIZAJE
653 0 _aLITERATURA JUVENIL
653 0 _aADAPTACIONES LITERARIAS
655 _aLITERATURA
700 1 _aWard, Ann
_eadaptador
800 1 _aHopkins, Andy
800 1 _aPotter, Jocelyn
942 _cBK
998 _cmartin
999 _c19668
_d19668